书目信息 |
| 题名: |
寂寞求真
|
|
| 作者: | 王路 著 | |
| 分册: | ||
| 出版信息: | 北京 中国文联出版公司 2000.02 |
|
| 页数: | 233页 | |
| 开本: | 32开 | |
| 丛书名: | ||
| 单 册: | ||
| 中图分类: | I267 | |
| 科图分类: | ||
| 主题词: | 散文--中国 , 散文--作品综合集--中国 | |
| 电子资源: | ||
| ISBN: | 7-5059-3346-9 | |
| 000 | 00554nam0 2200205 45 | |
| 001 | 0010261613 | |
| 005 | 20001028083848.3 | |
| 010 | @a7-5059-3346-9@d12.90元 | |
| 100 | @a20001026d2000 km y0chiy0120 ea | |
| 101 | 0 | @achi |
| 105 | @a z 000yy | |
| 200 | 1 | @a寂寞求真@AJi Mo Qiu Zhen@f王路著@FWang Lu Zhu |
| 210 | @a北京@c中国文联出版公司@d2000.02 | |
| 215 | @a233页@d32开 | |
| 606 | 0 | @a散文@x中国 |
| 606 | 0 | @a散文@x作品综合集@x中国 |
| 690 | @aI267@v3 | |
| 701 | 0 | @a王路@4著 |
| 801 | @aCN@bPftUser@c20001026 | |
| 905 | @dI267@eW.583@b193595-599@f5 | |
| 寂寞求真/王路著.-北京:中国文联出版公司,2000.02 |
| 233页;32开 |
| ISBN 7-5059-3346-9:12.90元 |
| ● |
| 相关链接 |
|
|
|
正题名:寂寞求真
索取号:I267/W.583
 
预约/预借
| 序号 | 登录号 | 条形码 | 馆藏地/架位号 | 状态 | 备注 |
| 1 | 193595 | 201935950 | 社科二线400B/400B社科库 26排1列4层/ [索取号:I267/W.583] | 在馆 | |
| 2 | 193596 | 201935969 | 社科二线400B/400B社科库 26排1列4层/ [索取号:I267/W.583] | 在馆 | |
| 3 | 193597 | 201935978 | 社科二线400B/400B社科库 26排1列4层/ [索取号:I267/W.583] | 在馆 | |
| 4 | 193598 | 201935987 | 社科二线400B/400B社科库 1排4列3层/ [索取号:I267/W.583] | 在馆 | |
| 5 | 193599 | 201935996 | 社科二线400B/400B社科库 26排1列4层/ [索取号:I267/W.583] | 在馆 |